000 00836nam a22002537a 4500
003 DO-SdBNP
005 20220221113018.0
008 210825b2018 dr 00| 0 spa d
020 _a9789934169331
040 _aDO-SdBNP
_bspa
_cBPMSU
082 _a325.2097293
_bY91p 2010
_222
100 1 _aYsalguez, Hugo
245 1 3 _aEl peligro haitiano /
_cHugo Ysalguez ; prólogo José Miguel Soto Jiménez
260 _aSanto Domingo :
_bBúho ;
_c2018.
300 _a254 p. ;
_c23 cm.
500 _aIncluye datos biográficos del autor en la solapa de la cubierta
590 _aInventariado, 2021/VM
650 4 _aHaitianos en República Dominicana.
651 4 _aHaití
_xEmigración e inmigración
_zRepública Dominicana
700 1 _aSoto Jiménez, José Miguel
_d1954-
_epról.
856 _a
910 _aVMateo V.
942 _2ddc
_cBK
999 _c13768
_d13768